| 000 | 00757nam a2200205 a 4500 | ||
|---|---|---|---|
| 999 |
_c3706 _d3706 |
||
| 001 | 3706 | ||
| 003 | BD-JhCC | ||
| 005 | 20171119083829.0 | ||
| 008 | 171105b1963 bg a|||| |||| 000 0 ben d | ||
| 035 | _a(BD-JhCC) | ||
| 040 |
_aBD-JhCC _dBD-JhCC |
||
| 041 | _aben | ||
| 082 |
_a923.1 _bAHA 1963 |
||
| 100 | _aআহমদ, আবুযযোহা নূর | ||
| 245 |
_aসুদানের মেহেদী : _bমেহেদীর দরবারে ফাদার ওহরা ওয়ালভার / _cআবুযযোহা নূর আহমদ |
||
| 260 |
_aঢাকা : _bআহমদ পাবলিশিং হাউস ; _c১৯৬৩ |
||
| 300 |
_a৬৩ পৃ. ; _c১২ সেমি |
||
| 650 | _aBiography | ||
| 942 |
_2ddc _cBK |
||